[Event "FICGS rapid D 000062 email"]
[Site "FICGS email"]
[Date "2011.09.04"]
[Round "1"]
[White "Chang, Henk"]
[Black "Schub, Guillaume"]
[Result "0-1"]
[WhiteElo "1437"]
[BlackElo "1500"]
[PlyCount "28"]
[EventDate "2011.??.??"]
[EventType "tourn (rapid)"]
[EventRounds "5"]
[SourceTitle "Corr 2013"]
[Source "ChessBase"]
[SourceDate "2012.11.12"]
[SourceVersion "1"]
[SourceVersionDate "2012.11.12"]
[SourceQuality "1"]

1. d4 d5 2. c4 dxc4 3. e4 e6 4. Bxc4 Nf6 5. Nc3 Bb4 6. Bg5 h6 7. Bxf6 Qxf6 8. Nf3 Nc6 9. 0-0 0-0 10. a3 Bxc3 11. bxc3 Qg6 12. Re1 e5 13. Nxe5 Nxe5 14. dxe5 Bh3 0-1

[Event "FICGS rapid D 000062 email"]
[Site "FICGS email"]
[Date "2011.09.04"]
[Round "1"]
[White "Schub, Guillaume"]
[Black "Brulland, Emmanuel"]
[Result "1-0"]
[WhiteElo "1500"]
[BlackElo "1386"]
[PlyCount "33"]
[EventDate "2011.??.??"]
[EventType "tourn (rapid)"]
[EventRounds "5"]
[SourceTitle "Corr 2013"]
[Source "ChessBase"]
[SourceDate "2012.11.12"]
[SourceVersion "1"]
[SourceVersionDate "2012.11.12"]
[SourceQuality "1"]

1. e4 c6 2. Nc3 d5 3. d3 e6 4. Nf3 Nd7 5. Ng5 h6 6. Nf3 Ngf6 7. e5 Ng8 8. g4 Ne7 9. g5 hxg5 10. Nxg5 Nxe5 11. d4 Nd7 12. Qf3 Nf6 13. h4 Nf5 14. Bd3 Nxd4 15. Qf4 c5 16. b4 Nh5 17. Qxf7# 1-0